LEADER 00876nam0-22002771i-450- 001 990008338260403321 005 20060605115621.0 035 $a000833826 035 $aFED01000833826 035 $a(Aleph)000833826FED01 035 $a000833826 100 $a20060605d1927----km-y0itay50------ba 101 0 $aita 102 $aIT 105 $ay-------001yy 200 1 $aMovimento economico dell'Italia$eraccolta di notizie statistiche per l'anno 1926$eesenzioni fiscali al capitale estero nella legislazione italiana$fBanca Commerciale Italiana 210 $aMilano$cs.e.$d1927 215 $a303 p.$d22 cm 710 02$aBanca commerciale italiana$0375079 801 0$aIT$bUNINA$gRICA$2UNIMARC 901 $aBK 912 $a990008338260403321 952 $aD'-01a-029$bIst. 3797$fILFGE 959 $aILFGE 996 $aMovimento economico dell'Italia$9419209 997 $aUNINA